000 00545nam a2200181Ia 4500
003 GCL
008 140319s9999 xx 000 0 ara d
040 _aGCL /
_cGCL
082 0 4 _a255
_bا ع
100 1 _aالحسينى سليمان جاد
245 1 0 _aالعقوبة البدنية فى الفقة الاسلامى /
_cالحسينى سليمان جاد
260 _a[S.N] :
_bدار الشروق ،
_c1991
300 _a245 ص
490 _a
650 0 4 _aالفقه الاسلامى
650 0 4 _aالعقوبات
942 _2ddc
_cBK
999 _c49661
_d49661